000 00403pab a2200169 454500
008 180718b2010 xxu||||| |||| 00| 0 eng d
100 _aRathore, Jitendra
245 _aFood security: What ails cold chain logistics in India?
260 _c2010
300 _ap.22-26.
362 _aOct
650 _aFood supply
700 _aSaxena, Karunesh
773 _aYojana
908 _aN
909 _a88065
999 _c88065
_d88065